00993nam a2200169 4500003000900000020001800009040002800027082002000055100004900075245007400124260003000198300002600228520051000254650001800764650002200782700001900804CO-ViMGA a9789585491274 aCO-ViMGAbspacCO-ViMGA04a808.883 bH557a1 aHernández Riquelme, Ignacia Antoniad2001-10aAtrévete a soñar /cIgnacia Antonia ; ilustrado por Crossa Grossa aBogota :bMontena, c2019 a140 p. :bil. ; color aCuando empecé este diario tenía clara una cosa: iba a contarlo todo. Mis momentos divertidos, pero también los tristes. Lo bueno y lo malo que me pasara. ¡Y así lo hice! Nunca imaginé la cantidad de sorpresas que me tenía preparada la vida. Ahora, después de varias páginas manchadas con lágrimas y con sonrisas, solo puedo estar segura de que ningún sueño es demasiado grande si se lo desea con ganas. Gracias por acompañarme en este camino...tomado de la contraportada del libro14aAutobiografia14aDiarios íntimos1 aGrossa, Crossa